000 00934cam a2200133 4500500
005 20260329023139.0
041 _afre
042 _adc
100 1 0 _aCaire-Jabinet,
_eauthor
245 0 0 _aIntroduction à l'historiographie
260 _bArmand Colin,
_c2004.
520 _aHistoire de l'histoire, l'historiographie analyse la manière dont chaque époque écrit l'histoire, la comprend et l'utilise. Cet ouvrage permet de suivre l'évolution du rôle que l'histoire a joué au cours des siècles. Il montre l'importance de sa fonction politique dans l'exaltation de la grandeur des rois, de la nation puis de la République. Il met en évidence des lignes de continuité -et les ruptures - dans la manière dont s'est écrite l'histoire, ainsi que les progrès accomplis dans les méthodes critiques.
856 4 1 _uhttps://shs.cairn.info/introduction-a-l-historiographie--9782200340674?lang=fr&redirect-ssocas=7080
999 _c1925064
_d1925064